00277nam a2200097Ia 4500008004000000082001300040100002200053245005000075260004100125300001300166210210b1966 xxu||||| |||| 00| 0 eng d a827 BRAB aBRAUDE (Jacob M). aBraude's handbook of humor for all occasions. aBombaybJaico Publishing Housec1966 aviii,400